LEADER 03178nam 2200649Ia 450 001 9910451260603321 005 20200520144314.0 010 $a1-280-52555-X 010 $a0-19-536180-6 010 $a1-4237-9998-4 035 $a(CKB)1000000000410453 035 $a(EBL)271130 035 $a(OCoLC)228167609 035 $a(SSID)ssj0000117880 035 $a(PQKBManifestationID)11128421 035 $a(PQKBTitleCode)TC0000117880 035 $a(PQKBWorkID)10049306 035 $a(PQKB)10430724 035 $a(StDuBDS)EDZ0000023860 035 $a(MiAaPQ)EBC271130 035 $a(Au-PeEL)EBL271130 035 $a(CaPaEBR)ebr10142157 035 $a(CaONFJC)MIL52555 035 $a(OCoLC)936850087 035 $a(EXLCZ)991000000000410453 100 $a19910208d1991 uy 0 101 0 $aeng 135 $aur|n|---||||| 181 $ctxt 182 $cc 183 $acr 200 10$aCare and commitment$b[electronic resource] $etaking the personal point of view /$fJeffrey Blustein 210 $aNew York $cOxford University Press$d1991 215 $a1 online resource (284 p.) 300 $aDescription based upon print version of record. 311 $a0-19-985289-8 311 $a0-19-506799-1 320 $aIncludes bibliographical references (p. 237-266) and index. 327 $aContents; Introduction; 1. The Importance of Caring and Caring about What Is Important; 2. What Caring Is; 3. Caring and Personal and Impersonal Value; 4. The Good of Care; 5. Caring about Caring; 6. Williams and Integrity; 7. Integrity and Self-Indulgence; 8. Wholes and Unities; 9. Lack of Integrity; 10. Integrity and Practical Necessity; 11. Integrity: Form and Content; 12. Integrity and the Unity of a Life; 13. Integrity and Self-Transformation; 14. Caring About Others; 15. Personal and Nonpersonal Relations; 16. Love and Friendship; 17. Particularity and Irreplaceability 327 $a18. The Value of Individuals19. Morality and Personal Relations; 20. Conclusion: Intimacy and Integrity; Notes; Index; A; B; C; D; E; F; G; H; I; J; K; L; M; N; O; P; R; S; T; U; V; W 330 $aIn this book, Blustein presents the first study of an ethics of care, offering a detailed exploration of human ""care"" in its various guises: concern for and commitment to individuals, ideals, and causes. Blustein focuses on the nature and value of personal integrity and intimacy, and on thequestions they raise for traditional moral theory. Among the topics considered are: what is the nature of caring as such? what do we (and should we) care about? what is implied by the claim that caring supports a sense of the meaningfulness of our lives? how does caring benefit the one who caresand what 606 $aCaring 606 $aIntegrity 606 $aIntimacy (Psychology) 608 $aElectronic books. 615 0$aCaring. 615 0$aIntegrity. 615 0$aIntimacy (Psychology) 676 $a179/.9 700 $aBlustein$b Jeffrey$0878070 801 0$bMiAaPQ 801 1$bMiAaPQ 801 2$bMiAaPQ 906 $aBOOK 912 $a9910451260603321 996 $aCare and commitment$91960387 997 $aUNINA LEADER 03382nam 22005655 450 001 996543167003316 005 20230808014301.0 010 $a3-422-80163-4 024 7 $a10.1515/9783422801639 035 $a(CKB)27977591300041 035 $a(DE-B1597)641362 035 $a(DE-B1597)9783422801639 035 $a(MiAaPQ)EBC30591530 035 $a(Au-PeEL)EBL30591530 035 $a(EXLCZ)9927977591300041 100 $a20230808h20232023 fg 101 0 $ager 135 $aur||||||||||| 181 $ctxt$2rdacontent 182 $cc$2rdamedia 183 $acr$2rdacarrier 200 10$aGlaspasten im Martin von Wagner Museum der Universität Würzburg. Abdrücke von antiken und ausgewählten nachantiken Intagli und Kameen /$fErika Zwierlein-Diehl; hrsg. von Martin von Wagner Museum der Universität Würzburg 205 $a1st ed. 210 1$aMünchen ;$aBerlin : $cDeutscher Kunstverlag (DKV), $d[2023] 210 4$d©2023 215 $a1 online resource (532 p.) 225 0 $aGlaspasten im Martin von Wagner Museum der Universität Würzburg ;$vBand 1 327 $tFrontmatter -- $tINHALTSVERZEICHNIS -- $tEINLEITUNG -- $tHINWEISE FÜR DEN LESER -- $tANMERKUNGEN ZUR EINLEITUNG -- $tGLASPASTEN VON ANTIKEN GEMMEN -- $tGLASPASTEN VON NACHANTIKEN GEMMEN -- $tANHANG 330 $aDie Sammlung umfasst rund 1500 Glaspasten des 18. bis frühen 19. Jahrhunderts. Ein erster Teil mit 946 Glaspasten von antiken Gemmen aus dem 6. Jh. v. bis 5. Jh. n. Chr. und von solchen nachantiken Gemmen des 15. bis 18. Jahrhunderts, die in unmittelbarem Zusammenhang mit ihnen stehen, wird hier vorgelegt.Glaspasten wurden als edelste Form von Gemmenabdrücken, als getreue Repliken der Originale in einem verwandten Material, geschätzt. Als Hersteller des Hauptbestandes der Sammlung wird Philipp Daniel Lippert ermittelt, der bisher nur als Verfertiger von preiswerteren Daktyliotheken in Talkmasse bekannt war.Inhaltlich umfasst sie alle Bereiche der antiken Kultur. Schwerpunkte liegen bei Porträts und Gemmen mit Meistersignaturen. Viele der Originale sind heute verschollen, wodurch die Glaspasten zu Primärquellen werden. Andere Originale mit bekanntem Aufbewahrungsort werden erstmals der Forschung erschlossen. Weit verstreute Originale, antike und antikisierende Gemmenbilder lassen sich unmittelbar miteinander vergleichen. Erschienen 1986 im Prestel Verlag MünchenDigitale Ausgabe mit freundlicher Genehmigung des Prestel Verlages 606 $aSOCIAL SCIENCE / Archaeology$2bisacsh 610 $aAntiquities. 610 $aArchaeology. 610 $aClassical Antiquity. 610 $aGlyptics. 610 $acameo. 610 $acollection history. 610 $adactyliotheca. 610 $aengraved gems. 610 $agemstones. 610 $aintaglio. 610 $apost-antiquity. 615 7$aSOCIAL SCIENCE / Archaeology. 700 $aZwierlein-Diehl$b Erika, $4aut$4http://id.loc.gov/vocabulary/relators/aut$0173115 702 $aMartin von Wagner Museum der Universität Würzburg$b , $4edt$4http://id.loc.gov/vocabulary/relators/edt 801 0$bDE-B1597 801 1$bDE-B1597 906 $aBOOK 912 $a996543167003316 996 $aGlaspasten im Martin von Wagner Museum der Universität Würzburg. Abdrücke von antiken und ausgewählten nachantiken Intagli und Kameen$93551150 997 $aUNISA